Die größten Städte mit P - Statistiken

Allgemein
  • Dieses Quiz wurde 312 mal gespielt
  • Das Durchschnittsergebnis liegt bei 12 aus 24
Antwortstatistiken
Land Antwort Einwohner % Korrekt
Frankreich Paris 11.500.000
99%
China Peking 21.000.000
95%
Portugal Porto 1.500.000
85%
Brasilien Porto Alegre 4.200.000
85%
Tschechien Prag 1.460.000
84%
Nordkorea Pjöngjang 3.000.000
81%
Panama Panama Stadt 1.600.000
80%
Australien Perth 2.200.000
73%
USA Philadelphia 7.500.000
71%
Haiti Port-au-Prince 3.500.000
60%
Kambodscha Phnom Penh 2.750.000
58%
USA Portland 2.500.000
46%
USA Phoenix 4.800.000
43%
USA Pittsburgh 2.000.000
43%
Russland Perm 1.100.000
28%
Indien Pune 7.600.000
25%
Mexiko Puebla 4.100.000
24%
Südafrika Port Elizabeth 1.400.000
23%
Nigeria Port Harcourt 2.620.000
15%
Indien Patna 2.800.000
12%
Pakistan Peschawar 2.600.000
12%
Indonesien Palembang 1.700.000
7%
Republik Kongo Pointe Noire 1.150.000
7%
Indonesien Pekanbaru 1.090.000
2%
Keine übereinstimmenden Quizze gefunden
Verteilung der Resultate
Anzahl Personen mit jedem Resultat
Perzentil nach korrekt beantworteten Fragen
Ihre Resultats-Entwicklung
Sie haben dieses Quiz noch nicht gespielt